| 000 | 00902nam a2200277 a 4500 | ||
|---|---|---|---|
| 001 | BRCA_7901 | ||
| 005 | 20190320210038.0 | ||
| 008 | 170214s1900----fr-a######---#000-0#ger-# | ||
| 041 | _ager | ||
| 044 | _afr | ||
| 050 | 4 |
_aNB812 _b.H34 1900 |
|
| 100 | 1 |
_aHaendcke, B. _919538 |
|
| 245 | 1 | 0 |
_aStudien zur geschichte der spanischen plastik _bJuan Martínez Montañes, Alonso Cano, Pedro de Mena, Francisco Zarcillo _cvon B. Haendcke. |
| 260 |
_aEstrasburgo, Francia _bHeitz & Mundel _c1900 |
||
| 300 |
_a53 p. _bil., 11 láminas _c29 cm. |
||
| 440 | 0 |
_aZur Kunstgeschichte des Auslandes _v1 _919539 |
|
| 500 | _aY178 | ||
| 600 | 1 | 4 |
_aMartínez Montañes, Juan _919540 |
| 600 | 1 | 4 |
_aCano, Alonso _919541 |
| 600 | 1 | 4 |
_aMena, Pedro de _919542 |
| 600 | 1 | 4 |
_aZarcillo, Francisco _919543 |
| 650 | 1 | 4 |
_aEscultura española _97921 |
| 650 | 1 | 4 |
_aEscultores españoles _98024 |
| 902 | _aGFM | ||
| 942 |
_2lcc _cB |
||
| 999 |
_c7573 _d7573 |
||